Proyectos estratégicos para las áreas centrales de las ciudades mexicanas : (Record no. 123741)
[ view plain ]
| 000 -CABECERA | |
|---|---|
| campo de control de longitud fija | 00748nam a2200205 a 4500 |
| 005 - FECHA Y HORA DE LA ÚLTIMA TRANSACCIÓN | |
| campo de control | 20240807063830.0 |
| 008 - ELEMENTOS DE LONGITUD FIJA--INFORMACIÓN GENERAL | |
| campo de control de longitud fija | 070829s2006 mx r 000 0 spa d |
| 035 ## - NÚMERO DE CONTROL DEL SISTEMA | |
| Número de control de sistema | UPN01000151605 |
| 049 ## - COLECCIÓN | |
| Colección | CG |
| 050 #4 - SIGNATURA TOPOGRÁFICA DE LA BIBLIOTECA DEL CONGRESO | |
| Número de clasificación | HT178 M6 |
| Número de documento/Ítem | P7.6 |
| 245 00 - MENCIÓN DE TÍTULO | |
| Título | Proyectos estratégicos para las áreas centrales de las ciudades mexicanas : |
| Resto del título | guía metodológica. |
| 260 ## - PUBLICACIÓN, DISTRIBUCIÓN, ETC. | |
| Lugar de publicación, distribución, etc. | México : |
| Nombre del editor, distribuidor, etc. | SEDESOL : |
| Fecha de publicación, distribución, etc. | 2006. |
| Nombre del editor, distribuidor, etc. | UAM-Azcapotzalco, |
| 300 ## - DESCRIPCIÓN FÍSICA | |
| Extensión | 253 p. + |
| Material acompañante/anejo | 1 CD-ROM ; 4 3/4 plg. |
| 500 ## - NOTA GENERAL | |
| Nota general | "Hábitat" |
| 500 ## - NOTA GENERAL | |
| Nota general | En el CD-ROM se encuentra la Guía metodológica |
| 650 #4 - ASIENTO SECUNDARIO DE MATERIA - TERMINO TEMATICO | |
| Término de materia o nombre geográfico como elemento de entrada | Renovación de zonas urbanas |
| Subdivisión geográfica | Ciudad de México |
| 9 (RLIN) | 8917 |
| 650 #4 - ASIENTO SECUNDARIO DE MATERIA - TERMINO TEMATICO | |
| Término de materia o nombre geográfico como elemento de entrada | Ciudades y pueblos |
| Subdivisión geográfica | Ciudad de México |
| 9 (RLIN) | 9053 |
| 650 #4 - ASIENTO SECUNDARIO DE MATERIA - TERMINO TEMATICO | |
| Término de materia o nombre geográfico como elemento de entrada | Ciudades y pueblos |
| Subdivisión general | Planificación |
| 9 (RLIN) | 8483 |
| 905 ## - TIPO DE MATERIAL | |
| Tipo de material | Libro |
| Estado de retiro | Estado de pérdida | Fuente del sistema de clasificación o colocación | Estado dañado | No para préstamo | Código de colección | Localización permanente | Ubicación/localización actual | Ubicación en estantería | Total de préstamos | Clasificación | Código de barras | Fecha visto por última vez | Número de copia | Tipo de ítem Koha | Fecha de adquisición | Precio válido a partir de | Nota pública |
|---|---|---|---|---|---|---|---|---|---|---|---|---|---|---|---|---|---|
| Library of Congress Classification | Colección General | Bib. Gregorio Torres Quintero | Bib. Gregorio Torres Quintero | Planta baja | HT178 M6 P7.6 | 247219 | 31/12/2020 | 1 | Libro | ||||||||
| Library of Congress Classification | Materiales complementarios y otros recursos electrónicos | Bib. Gregorio Torres Quintero | Bib. Gregorio Torres Quintero | Mostrador de préstamo Planta baja | HT178 M6 P7.6 | 339936 | 23/09/2024 | Disco Compacto | 23/09/2024 | 23/09/2024 | Solicítalo en el mostrador de préstamo |
